[Event "Hong Kong-chT"]
[Site "Hong Kong"]
[Date "2016.04.18"]
[Round "4.1"]
[White "Wong Pui Tak, Vito"]
[Black "Kadam, Aaditya Vivek"]
[Result "0-1"]
[WhiteElo "1211"]
[BlackElo "1310"]
[PlyCount "64"]
[EventDate "2016.03.31"]
[EventType "team-swiss"]
[EventRounds "7"]
[EventCountry "HKG"]
[SourceTitle "EXT 2017"]
[Source "ChessBase"]
[SourceDate "2016.10.25"]
[SourceVersion "1"]
[SourceVersionDate "2016.10.25"]
[SourceQuality "1"]
[WhiteTeam "Hong Kong China Chess School II"]
[BlackTeam "Caissa"]
[WhiteTeamCountry "HKG"]
[BlackTeamCountry "HKG"]

1. e4 d6 2. Bc4 Nf6 3. Nc3 g6 4. Nf3 Bg7 5. 0-0 0-0 6. d4 Nbd7 7. Bg5 h6 8. Bd2 e5 9. Qc1 h5 10. dxe5 Nxe5 11. Nxe5 dxe5 12. Bg5 Qd4 13. Bd3 a6 14. Kh1 Ng4 15. Nd1 Be6 16. f3 Nf6 17. Be3 Qd6 18. Nf2 Rfd8 19. a3 Qc6 20. c4 Qa4 21. Qc3 Rd6 22. Rfd1 b6 23. b3 Qc6 24. Qxe5 Ng4 25. Qf4 Nxf2+ 26. Bxf2 Bxa1 27. e5 Rd7 28. Bh4 Rd4 29. Qf6 Qd7 30. Bg5 Rxd3 31. Rxd3 Qxd3 32. h3 Qf5 0-1